[Event "Bad Woerishofen op 5th"]
[Site "Bad Woerishofen"]
[Date "1989.02.13"]
[Round "5"]
[White "Janosevic, Dragoljub"]
[Black "Blatny, Pavel"]
[Result "0-1"]
[WhiteElo "2345"]
[BlackElo "2450"]
[PlyCount "54"]
[EventDate "1989.02.09"]
[EventType "swiss"]
[EventRounds "9"]
[EventCountry "GER"]
[SourceTitle "TD"]
[Source "ChessBase"]
[SourceDate "1994.03.01"]
[SourceVersion "1"]
[SourceVersionDate "1994.03.01"]
[SourceQuality "1"]

1. e4 e5 2. Nf3 Nc6 3. Bb5 a6 4. Ba4 Nf6 5. 0-0 Be7 6. Re1 b5 7. Bb3 0-0 8. c3 d5 9. exd5 Nxd5 10. Nxe5 Nxe5 11. Rxe5 c6 12. d4 Bd6 13. Re1 Qh4 14. g3 Qh3 15. Be3 Bg4 16. Qd3 f5 17. f4 Kh8 18. Qf1 Qh5 19. Nd2 g5 20. Bxd5 cxd5 21. a4 bxa4 22. Rxa4 Rae8 23. Raa1 Re6 24. Rxa6 gxf4 25. Bxf4 Rxe1 26. Qxe1 Bxf4 27. gxf4 Be2 0-1

[Event "Bled op"]
[Site "Bled"]
[Date "1989.??.??"]
[Round "6"]
[White "Janosevic, Dragoljub"]
[Black "Mohr, Georg"]
[Result "1-0"]
[WhiteElo "2345"]
[BlackElo "2450"]
[PlyCount "73"]
[EventDate "1989.02.??"]
[EventType "swiss"]
[EventRounds "9"]
[EventCountry "YUG"]
[SourceTitle "EXT 1997"]
[Source "ChessBase"]
[SourceDate "1996.11.15"]
[SourceVersion "1"]
[SourceVersionDate "1996.11.15"]
[SourceQuality "1"]

1. e4 c5 2. Nf3 d6 3. d4 cxd4 4. Nxd4 Nf6 5. Nc3 g6 6. Bc4 Bg7 7. h3 0-0 8. Bb3 Nc6 9. Be3 Bd7 10. 0-0 Rc8 11. f4 a6 12. Qd3 Qc7 13. Rad1 Na5 14. f5 Nc4 15. Bxc4 Qxc4 16. g4 Rfe8 17. Rf2 h6 18. Rg2 b5 19. a3 g5 20. h4 Qxd3 21. Rxd3 Nh7 22. Nd5 Rb8 23. hxg5 Nxg5 24. Bxg5 hxg5 25. Nc7 b4 26. Nxe8 bxa3 27. bxa3 Rb1+ 28. Kf2 Bxe8 29. Ke3 Ba4 30. Rc3 Bf6 31. Rc8+ Kg7 32. Rh2 Be5 33. Rhh8 Bf4+ 34. Ke2 Kf6 35. Rh6+ Kg7 36. Rch8 Rg1 37. f6+ 1-0

[Event "Biel MTO op"]
[Site "Biel"]
[Date "1989.??.??"]
[Round "3"]
[White "Janosevic, Dragoljub"]
[Black "Welin, Thomas"]
[Result "1/2-1/2"]
[WhiteElo "2340"]
[BlackElo "2395"]
[PlyCount "60"]
[EventDate "1989.07.??"]
[EventType "swiss"]
[EventRounds "11"]
[EventCountry "SUI"]
[SourceTitle "EXT 1997"]
[Source "ChessBase"]
[SourceDate "1996.11.15"]
[SourceVersion "1"]
[SourceVersionDate "1996.11.15"]
[SourceQuality "1"]

1. e4 e6 2. d4 d5 3. Nd2 Nf6 4. e5 Nfd7 5. Bd3 c5 6. c3 Nc6 7. Ne2 cxd4 8. cxd4 f6 9. exf6 Nxf6 10. Nf3 Bd6 11. 0-0 0-0 12. Bf4 Bxf4 13. Nxf4 Qb6 14. Qd2 Kh8 15. Rae1 Nxd4 16. Nxd4 Qxd4 17. Nxe6 Bxe6 18. Rxe6 Ne4 19. Qe2 Nxf2 20. Rxf2 Rxf2 21. Qxf2 Qxd3 22. Qe3 Qxe3+ 23. Rxe3 h6 24. Re7 b6 25. b3 a6 26. Re6 Rc8 27. a4 Rc1+ 28. Kf2 Rc2+ 29. Kg1 Rc1+ 30. Kf2 Rc2+ 1/2-1/2

[Event "Belgrade op"]
[Site "Belgrade"]
[Date "1989.??.??"]
[Round "6"]
[White "Janosevic, Dragoljub"]
[Black "Zelcic, Robert"]
[Result "0-1"]
[WhiteElo "2340"]
[BlackElo "2315"]
[PlyCount "72"]
[EventDate "1989.11.??"]
[EventType "swiss"]
[EventRounds "9"]
[EventCountry "YUG"]
[SourceTitle "EXT 1997"]
[Source "ChessBase"]
[SourceDate "1996.11.15"]
[SourceVersion "1"]
[SourceVersionDate "1996.11.15"]
[SourceQuality "1"]

1. e4 Nf6 2. e5 Nd5 3. d4 d6 4. Nf3 Bg4 5. Be2 c6 6. h3 Bxf3 7. Bxf3 dxe5 8. dxe5 e6 9. 0-0 Nd7 10. Qe2 Bc5 11. Nd2 Qc7 12. Re1 0-0 13. c3 a5 14. Nb3 Ba7 15. a4 Rfe8 16. Nd4 Ne7 17. Be4 Rad8 18. f4 Nc5 19. Bc2 Na6 20. Rd1 Bxd4+ 21. cxd4 Nf5 22. Be3 Nxe3 23. Qxe3 Qb6 24. Qb3 Nb4 25. Qc3 Nxc2 26. Qxc2 Rxd4 27. Qf2 Red8 28. Kh2 Qb4 29. Rxd4 Qxd4 30. Rf1 Qxf2 31. Rxf2 Rd4 32. b3 Kf8 33. g3 Rd3 34. Rb2 c5 35. Kg2 Ke7 36. Rd2 Rxd2+ 0-1

[Event "Belgrade op"]
[Site "Belgrade"]
[Date "1989.??.??"]
[Round "2"]
[White "Larsen, S."]
[Black "Janosevic, Dragoljub"]
[Result "1/2-1/2"]
[WhiteElo "2390"]
[BlackElo "2340"]
[PlyCount "26"]
[EventDate "1989.11.??"]
[EventType "swiss"]
[EventRounds "9"]
[EventCountry "YUG"]
[SourceTitle "EXT 1997"]
[Source "ChessBase"]
[SourceDate "1996.11.15"]
[SourceVersion "1"]
[SourceVersionDate "1996.11.15"]
[SourceQuality "1"]

1. d4 d5 2. Nf3 Nf6 3. c4 e6 4. Nc3 Be7 5. Bg5 Nbd7 6. e3 0-0 7. Qc2 Re8 8. 0-0-0 c6 9. h4 a6 10. Kb1 b5 11. cxd5 cxd5 12. Bd3 Bb7 13. Bxf6 Nxf6 1/2-1/2

[Event "YUG-ch sf"]
[Site "Pula"]
[Date "1988.01.27"]
[Round "10"]
[White "Janosevic, Dragoljub"]
[Black "Osterman, Rudolf"]
[Result "1/2-1/2"]
[WhiteElo "2345"]
[BlackElo "2295"]
[PlyCount "89"]
[EventDate "1988.01.17"]
[EventType "swiss"]
[EventRounds "13"]
[EventCountry "CRO"]
[SourceTitle "EXT 2018"]
[Source "ChessBase"]
[SourceDate "2017.10.13"]
[SourceVersion "1"]
[SourceVersionDate "2017.10.13"]
[SourceQuality "1"]

1. e4 c5 2. Nf3 d6 3. d4 cxd4 4. Nxd4 Nf6 5. Nc3 a6 6. f4 Nbd7 7. Bd3 g6 8. Nb3 Bg7 9. 0-0 0-0 10. Kh1 b5 11. a3 Bb7 12. Qe1 Qc7 13. Qh4 Rae8 14. Bd2 e5 15. Rae1 d5 16. exd5 e4 17. Nxe4 Nxe4 18. Bxe4 Rxe4 19. Rxe4 Qxc2 20. Re3 Bxd5 21. Qh3 Nf6 22. Bb4 Ra8 23. Rc1 Qf2 24. Nd2 Ng4 25. Rg3 h5 26. Rxg4 hxg4 27. Qxg4 Re8 28. Nf3 Bxf3 29. Qxf3 Qxf3 30. gxf3 Bxb2 31. Rc2 Bd4 32. Rc6 Re6 33. Rc8+ Kg7 34. Rd8 Bb2 35. Rd2 Bf6 36. Rd5 Be7 37. f5 gxf5 38. Rxf5 Kg6 39. Rd5 Bxb4 40. axb4 Re2 41. Rd6+ Kg5 42. Rxa6 Rb2 43. Rd6 Rxb4 44. Kg2 f5 45. Kg3 1/2-1/2

[Event "YUG-ch sf"]
[Site "Pula"]
[Date "1988.01.24"]
[Round "7"]
[White "Mukic, Josko"]
[Black "Janosevic, Dragoljub"]
[Result "1/2-1/2"]
[WhiteElo "2420"]
[BlackElo "2345"]
[PlyCount "141"]
[EventDate "1988.01.17"]
[EventType "swiss"]
[EventRounds "13"]
[EventCountry "CRO"]
[SourceTitle "EXT 2018"]
[Source "ChessBase"]
[SourceDate "2017.10.13"]
[SourceVersion "1"]
[SourceVersionDate "2017.10.13"]
[SourceQuality "1"]

1. d4 d5 2. c4 e6 3. Nc3 Nf6 4. Bg5 Nbd7 5. e3 c6 6. Qc2 Qa5 7. cxd5 exd5 8. Bd3 Bb4 9. Nge2 0-0 10. 0-0 Re8 11. Bh4 Be7 12. Rae1 Nf8 13. Nf4 Ng6 14. Bg3 Bd7 15. a3 Nxf4 16. Bxf4 g6 17. Be5 c5 18. Bxf6 c4 19. Bxc4 dxc4 20. Bxe7 Rxe7 21. e4 Rae8 22. Rd1 b5 23. Nd5 Re6 24. e5 Rd8 25. Nf6+ Kg7 26. f4 Qb6 27. Qf2 Rxf6 28. exf6+ Qxf6 29. Rde1 Bf5 30. Re5 Qb6 31. Rc5 a6 32. Re1 Qd6 33. d5 h5 34. Qd4+ Kg8 35. a4 Qb6 36. axb5 axb5 37. d6 Be6 38. Rd1 Qa6 39. Rc7 b4 40. Ra7 Qc6 41. Ra5 c3 42. bxc3 bxc3 43. Rc5 Qb6 44. h3 c2 45. Rxc2 Rxd6 46. Qxb6 Rxb6 47. Rd8+ Kg7 48. Kf2 Kf6 49. Rcd2 Rb4 50. R8d4 Rb3 51. R2d3 Rb2+ 52. Kf3 h4 53. Rc3 Ra2 54. f5 Bxf5 55. Rxh4 g5 56. Rb4 Be6 57. Rd4 Rb2 58. Rcd3 Ra2 59. Rd2 Ra3+ 60. Kf2 Rb3 61. Kg1 Ra3 62. Kh2 Rb3 63. g3 Ra3 64. h4 Kg6 65. Rb2 Rc3 66. Rb5 Rc2+ 67. Kg1 gxh4 68. gxh4 Rc4 69. h5+ Kh6 70. Rd8 Rc8 71. Rxc8 1/2-1/2

[Event "YUG-ch sf"]
[Site "Pula"]
[Date "1988.01.22"]
[Round "6"]
[White "Janosevic, Dragoljub"]
[Black "Govedarica, Radovan"]
[Result "1-0"]
[WhiteElo "2345"]
[BlackElo "2415"]
[PlyCount "129"]
[EventDate "1988.01.17"]
[EventType "swiss"]
[EventRounds "13"]
[EventCountry "CRO"]
[SourceTitle "EXT 2018"]
[Source "ChessBase"]
[SourceDate "2017.10.13"]
[SourceVersion "1"]
[SourceVersionDate "2017.10.13"]
[SourceQuality "1"]

1. e4 c5 2. Nf3 e6 3. d4 cxd4 4. Nxd4 a6 5. Bd3 Qc7 6. 0-0 Nf6 7. Nc3 Nc6 8. Be3 d6 9. f4 Be7 10. Kh1 Bd7 11. a4 0-0 12. Qf3 Nb4 13. a5 Rac8 14. g4 g6 15. f5 e5 16. Nde2 d5 17. Bh6 d4 18. Bxf8 Rxf8 19. Na4 Qxa5 20. b3 Qc7 21. Ng3 b5 22. Nb2 Qc3 23. Rab1 Qd2 24. Nd1 Rc8 25. Rf2 Qg5 26. h3 Bc6 27. Kh2 Bb7 28. Re2 Kg7 29. Nf2 Bd6 30. Rf1 Be7 31. Rg1 Kh8 32. Nf1 Rc3 33. Qg3 Nd7 34. Nd1 Rc8 35. Rf2 Kg8 36. Nd2 Nxd3 37. cxd3 Rc2 38. Nf3 Rxf2+ 39. Nxf2 Qf6 40. g5 Qd6 41. Ng4 Qc7 42. Nh6+ Kf8 43. fxg6 hxg6 44. Nh4 Qc2+ 45. Rg2 Qxb3 46. Rf2 Ke8 47. Nxf7 Qe6 48. Qg4 Qxg4 49. hxg4 Nc5 50. Nxe5 Bd6 51. Nhxg6 Nxd3 52. Rf6 Bxe5+ 53. Nxe5 Nxe5 54. Re6+ Kd7 55. Rxe5 d3 56. g6 d2 57. g7 d1Q 58. g8Q Qd2+ 59. Kg3 Qe3+ 60. Kh4 Qf2+ 61. Kg5 Qe3+ 62. Kg6 Bxe4+ 63. Kg7 Qd4 64. Qe6+ Kc7 65. Qf6 1-0

[Event "YUG-ch sf"]
[Site "Pula"]
[Date "1988.01.19"]
[Round "3"]
[White "Janosevic, Dragoljub"]
[Black "Filipovic, Branko"]
[Result "1/2-1/2"]
[WhiteElo "2345"]
[BlackElo "2450"]
[PlyCount "146"]
[EventDate "1988.01.17"]
[EventType "swiss"]
[EventRounds "13"]
[EventCountry "CRO"]
[SourceTitle "EXT 2018"]
[Source "ChessBase"]
[SourceDate "2017.10.13"]
[SourceVersion "1"]
[SourceVersionDate "2017.10.13"]
[SourceQuality "1"]

1. e4 c5 2. Nf3 Nc6 3. d4 cxd4 4. Nxd4 Nf6 5. Nc3 e5 6. Ndb5 d6 7. Nd5 Nxd5 8. exd5 Ne7 9. c4 Ng6 10. c5 a6 11. Nxd6+ Bxd6 12. cxd6 Qxd6 13. Qb3 0-0 14. g3 Ne7 15. Bg2 Nf5 16. Be3 Nxe3 17. Qxe3 f5 18. 0-0 f4 19. Qd3 Bd7 20. Rfe1 Rf6 21. Rac1 Raf8 22. Rc2 f3 23. Bf1 Bf5 24. Qd2 Bxc2 25. Qxc2 b5 26. Qe4 Rd8 27. Bd3 Qxd5 28. Qxh7+ Kf8 29. Be4 Qf7 30. Qh8+ Ke7 31. Qh4 Kf8 32. Qh8+ Qg8 33. Qh5 Re8 34. Bxf3 g6 35. Qh6+ Qg7 36. Qe3 Qf7 37. Bd1 Kg7 38. Bb3 Qc7 39. h4 Qb6 40. Qd2 Rd8 41. Qe2 Rd3 42. Kg2 Qd4 43. Rd1 Rxd1 44. Bxd1 a5 45. Bc2 Qxb2 46. h5 Rc6 47. h6+ Kxh6 48. Qe3+ Kg7 49. Qa7+ Kf6 50. Be4 Re6 51. Qxa5 Qd4 52. Qa8 Kg5 53. Qb7 Rf6 54. Bf3 e4 55. Qxe4 Qxe4 56. Bxe4 b4 57. Bd5 Kf5 58. Bb3 Ke4 59. f4 Ke3 60. Kh3 Rc6 61. Kh4 Kf2 62. g4 Ke3 63. Kg5 Rc5+ 64. f5 gxf5 65. gxf5 Ke4 66. Be6 Ke5 67. Kg6 Rc2 68. Kf7 Rc7+ 69. Kg6 Rc1 70. Kf7 Rg1 71. Bd7 Rh1 72. Be6 Rh2 73. Kg6 Rf2 1/2-1/2

[Event "Belgrade GMA op"]
[Site "Belgrade"]
[Date "1988.??.??"]
[Round "?"]
[White "Janosevic, Dragoljub"]
[Black "Todorovic, Goran N"]
[Result "1/2-1/2"]
[WhiteElo "2330"]
[BlackElo "2400"]
[PlyCount "87"]
[EventDate "1988.12.??"]
[EventType "swiss"]
[EventRounds "9"]
[EventCountry "YUG"]
[SourceTitle "TD"]
[Source "ChessBase"]
[SourceDate "1994.03.01"]
[SourceVersion "1"]
[SourceVersionDate "1994.03.01"]
[SourceQuality "1"]

1. e4 c5 2. Nf3 Nc6 3. d4 cxd4 4. Nxd4 g6 5. Nc3 Bg7 6. Be3 Nf6 7. Bc4 0-0 8. Bb3 a5 9. a4 Ng4 10. Qxg4 Nxd4 11. Qd1 Nxb3 12. cxb3 d6 13. Bd4 Bxd4 14. Qxd4 Be6 15. b4 Rc8 16. Nd5 Bxd5 17. exd5 axb4 18. Qxb4 Qd7 19. 0-0 Rc5 20. Rfd1 Rfc8 21. Qb6 Qc7 22. Qxc7 R8xc7 23. g3 Rc4 24. Rd3 Rb4 25. b3 Kf8 26. Re1 Ke8 27. Kg2 b5 28. a5 Ra7 29. Ra1 Kd7 30. Kf3 e6 31. Ra3 g5 32. Ke3 e5 33. Rd2 f5 34. Rd1 Re4+ 35. Kd2 Rc7 36. a6 Ra7 37. f3 Rd4+ 38. Ke2 Rxd1 39. Kxd1 Kc7 40. b4 Kb6 41. g4 fxg4 42. fxg4 Rxa6 43. Rxa6+ Kxa6 44. Ke2 1/2-1/2

[Event "Belgrade GMA op"]
[Site "Belgrade"]
[Date "1988.??.??"]
[Round "?"]
[White "Shamkovich, Leonid Alexandrovic"]
[Black "Janosevic, Dragoljub"]
[Result "1/2-1/2"]
[WhiteElo "2450"]
[BlackElo "2330"]
[PlyCount "86"]
[EventDate "1988.12.??"]
[EventType "swiss"]
[EventRounds "9"]
[EventCountry "YUG"]
[SourceTitle "TD"]
[Source "ChessBase"]
[SourceDate "1994.03.01"]
[SourceVersion "1"]
[SourceVersionDate "1994.03.01"]
[SourceQuality "1"]

1. c4 e5 2. Nc3 Nc6 3. Nf3 Nf6 4. e3 Be7 5. a3 d5 6. cxd5 Nxd5 7. Bb5 Nxc3 8. bxc3 Bd6 9. 0-0 0-0 10. d4 e4 11. Nd2 Qg5 12. Bxc6 bxc6 13. Nxe4 Bxh2+ 14. Kxh2 Qh4+ 15. Kg1 Qxe4 16. f3 Qe6 17. e4 Qc4 18. Bf4 Ba6 19. Re1 Rac8 20. Qd2 c5 21. d5 Rfd8 22. Qf2 c6 23. d6 f6 24. a4 Rd7 25. Qa2 Qxa2 26. Rxa2 Rb8 27. Rd2 Kf7 28. e5 Re8 29. Re4 Re6 30. g4 fxe5 31. Bxe5 g5 32. Bg3 Rxe4 33. fxe4 Bc4 34. Rf2+ Ke6 35. Rh2 Rf7 36. Rh5 Rg7 37. Rh6+ Kd7 38. Be5 Rf7 39. Rh5 Bd3 40. Rxg5 Bxe4 41. Bg3 Bd5 42. c4 Bxc4 43. Rxc5 Bd3 1/2-1/2

[Event "Dortmund op"]
[Site "Dortmund"]
[Date "1987.??.??"]
[Round "9"]
[White "Hermesmann, Hans"]
[Black "Janosevic, Dragoljub"]
[Result "0-1"]
[WhiteElo "2215"]
[BlackElo "2385"]
[PlyCount "72"]
[EventDate "1987.04.??"]
[EventType "swiss"]
[EventRounds "11"]
[EventCountry "GER"]
[SourceTitle "TD"]
[Source "ChessBase"]
[SourceDate "1994.03.01"]
[SourceVersion "1"]
[SourceVersionDate "1994.03.01"]
[SourceQuality "1"]

1. d4 Nf6 2. c4 g6 3. Nc3 Bg7 4. e4 d6 5. f3 0-0 6. Bg5 c5 7. d5 e6 8. Qd2 exd5 9. cxd5 Na6 10. Nge2 Nc7 11. Ng3 Rb8 12. a4 a6 13. Be2 b5 14. 0-0 Bd7 15. Qf4 Qe7 16. axb5 Bxb5 17. Rfe1 Bxe2 18. Rxe2 Rb4 19. Rd1 Rfb8 20. Qc1 Nb5 21. e5 dxe5 22. d6 Qe6 23. Nxb5 R4xb5 24. Bxf6 Bxf6 25. Ne4 Bd8 26. Kh1 c4 27. d7 Rd5 28. Rxd5 Qxd5 29. Rd2 Qc6 30. Qc3 Qb5 31. f4 Ba5 32. d8Q+ Rxd8 33. Rxd8+ Bxd8 34. fxe5 Qd5 35. Nf2 Bb6 36. Kg1 Qd1+ 0-1

[Event "Kecskemet Open"]
[Site "Kecskemet "]
[Date "1985.10.31"]
[Round "10"]
[White "Emodi, Gyula"]
[Black "Janosevic, Dragoljub"]
[Result "1/2-1/2"]
[WhiteElo "2365"]
[BlackElo "2345"]
[PlyCount "74"]
[EventDate "1985.10.22"]
[EventType "swiss"]
[EventRounds "11"]
[EventCountry "HUN"]
[SourceTitle "EXT 2000"]
[Source "ChessBase"]
[SourceDate "1999.11.16"]
[SourceVersion "1"]
[SourceVersionDate "1999.11.16"]
[SourceQuality "1"]

1. e4 c5 2. Nf3 Nc6 3. d4 cxd4 4. Nxd4 Qc7 5. c3 Nf6 6. Bd3 e6 7. 0-0 a6 8. Be3 d5 9. exd5 Nxd5 10. Bc1 Bd6 11. h3 0-0 12. Nd2 Nxd4 13. cxd4 b5 14. Ne4 Bb7 15. Qh5 f5 16. Ng5 Nf6 17. Qe2 Rae8 18. Bd2 Qc6 19. Nf3 Ne4 20. Rfc1 Qb6 21. Be1 Bb8 22. Bb4 Rf6 23. Bc5 Nxc5 24. dxc5 Qc6 25. a4 b4 26. Rc4 Qc7 27. c6 Bxc6 28. Ne5 Qxe5 29. Qxe5 Bxe5 30. Rxc6 a5 31. Rb1 Rd8 32. Bc4 Rd2 33. b3 Bd4 34. Rf1 f4 35. Bxe6+ Kf8 36. Rc8+ Ke7 37. Bg4 Rd6 1/2-1/2

[Event "Kecskemet Open"]
[Site "Kecskemet "]
[Date "1985.10.26"]
[Round "5"]
[White "Janosevic, Dragoljub"]
[Black "Arkhipov, Sergey"]
[Result "0-1"]
[WhiteElo "2345"]
[BlackElo "2550"]
[PlyCount "61"]
[EventDate "1985.10.22"]
[EventType "swiss"]
[EventRounds "11"]
[EventCountry "HUN"]
[SourceTitle "EXT 2000"]
[Source "ChessBase"]
[SourceDate "1999.11.16"]
[SourceVersion "1"]
[SourceVersionDate "1999.11.16"]
[SourceQuality "1"]

1. e4 c5 2. Nf3 Nc6 3. d4 cxd4 4. Nxd4 Nf6 5. Nc3 e5 6. Ndb5 d6 7. Nd5 Nxd5 8. exd5 Ne7 9. c4 Ng6 10. Be2 Be7 11. 0-0 0-0 12. Be3 a6 13. Nc3 f5 14. Na4 Bg5 15. Bb6 Qe8 16. c5 Bd7 17. Nc3 Nf4 18. Bc4 Qg6 19. Ne2 Kh8 20. b4 e4 21. a4 Rae8 22. Kh1 Qh6 23. Bc7 Nxe2 24. Bxe2 Bf4 25. g3 Be5 26. Bxd6 Bxd6 27. cxd6 f4 28. Rg1 f3 29. Bc4 Re5 30. Re1 Rh5 31. h4 0-1

[Event "Kecskemet Open"]
[Site "Kecskemet "]
[Date "1985.10.24"]
[Round "3"]
[White "Janosevic, Dragoljub"]
[Black "Bekefi, Laszlo"]
[Result "1-0"]
[WhiteElo "2345"]
[BlackElo "2260"]
[PlyCount "45"]
[EventDate "1985.10.22"]
[EventType "swiss"]
[EventRounds "11"]
[EventCountry "HUN"]
[SourceTitle "EXT 2000"]
[Source "ChessBase"]
[SourceDate "1999.11.16"]
[SourceVersion "1"]
[SourceVersionDate "1999.11.16"]
[SourceQuality "1"]

1. e4 c5 2. Nf3 e6 3. d4 cxd4 4. Nxd4 Nf6 5. Nc3 Nc6 6. a3 Be7 7. Be2 d6 8. 0-0 0-0 9. Be3 a6 10. f4 Qc7 11. Qe1 Re8 12. Qg3 Bd7 13. Bd3 e5 14. fxe5 Nxe5 15. Nf5 Bxf5 16. Rxf5 Kh8 17. Raf1 Qc6 18. Bd4 Bd8 19. Nd5 Nxd5 20. Rxf7 Rg8 21. Rxg7 Nf6 22. Rxg8+ Nxg8 23. Rf8 1-0

[Event "Conca della Presolana op 6th"]
[Site "Bratto"]
[Date "1984.08.??"]
[Round "6"]
[White "Janosevic, Dragoljub"]
[Black "Wagman, Stuart"]
[Result "1/2-1/2"]
[WhiteElo "2380"]
[BlackElo "2220"]
[PlyCount "48"]
[EventDate "1984.08.25"]
[EventType "swiss"]
[EventRounds "9"]
[EventCountry "ITA"]
[SourceTitle "EXT 2023"]
[Source "ChessBase"]
[SourceDate "2022.10.05"]
[SourceVersion "1"]
[SourceVersionDate "2022.10.05"]
[SourceQuality "1"]

1. e4 c5 2. Nf3 d6 3. d4 cxd4 4. Nxd4 Nf6 5. Nc3 g6 6. Be3 Bg7 7. h3 0-0 8. Bc4 Nc6 9. Bb3 Bd7 10. 0-0 Qa5 11. f4 Nxd4 12. Bxd4 e5 13. Be3 exf4 14. Bxf4 Bc6 15. Qf3 Rad8 16. Rad1 Kh8 17. Rxd6 Qc5+ 18. Qf2 Qxf2+ 19. Rxf2 Nxe4 20. Nxe4 Bxe4 21. Rfd2 Rxd6 22. Bxd6 Rd8 23. Bxf7 Bxc2 24. Rxc2 Bd4+ 1/2-1/2

[Event "Opatija op"]
[Site "Opatija"]
[Date "1984.04.13"]
[Round "7"]
[White "Janosevic, Dragoljub"]
[Black "Vogt, Lothar"]
[Result "0-1"]
[WhiteElo "2360"]
[BlackElo "2485"]
[PlyCount "127"]
[EventDate "1984.04.07"]
[EventType "swiss"]
[EventRounds "11"]
[EventCountry "YUG"]
[SourceTitle "EXT 2014"]
[Source "ChessBase"]
[SourceDate "2013.11.20"]
[SourceVersion "1"]
[SourceVersionDate "2013.11.20"]
[SourceQuality "1"]

1. e4 c5 2. Nf3 e6 3. d4 cxd4 4. Nxd4 Nf6 5. Nc3 d6 6. Be2 Be7 7. 0-0 0-0 8. f4 Nc6 9. Be3 e5 10. Nb3 exf4 11. Rxf4 Be6 12. Nd5 Bxd5 13. exd5 Ne5 14. Qd2 Nfd7 15. Rff1 Nb6 16. Na5 Qc7 17. b3 Rfe8 18. c4 Bf8 19. Rac1 Rad8 20. b4 Qe7 21. Bg5 f6 22. Bf4 g6 23. Kh1 Kh8 24. Nb3 Qd7 25. Bh6 Bxh6 26. Qxh6 f5 27. g4 fxg4 28. Nd4 Kg8 29. Ne6 Rxe6 30. dxe6 Qxe6 31. Qf4 d5 32. c5 Nbd7 33. Rcd1 Kg7 34. Qd4 Nf6 35. b5 g3 36. Qf4 Ne4 37. Kg2 Nf2 38. Rxf2 gxf2 39. Qxf2 Qf6 40. Qd4 Rf8 41. Kh1 Rd8 42. Rf1 Qe6 43. c6 bxc6 44. bxc6 Kg8 45. c7 Rc8 46. Qxa7 Nc4 47. Bf3 Nd2 48. Qd4 Nxf3 49. Rxf3 Rxc7 50. Rf2 Rc1+ 51. Kg2 Rc4 52. Qd3 Rg4+ 53. Kf1 Re4 54. Qf3 Qe7 55. Qb3 Re5 56. Qd3 Qc5 57. Rc2 Rf5+ 58. Kg2 Rg5+ 59. Kf3 Qg1 60. Rc8+ Kg7 61. Rc7+ Kh6 62. Qd2 Qf1+ 63. Ke3 Rg4 64. Qd3 0-1

[Event "YUG Team-ch35"]
[Site "Medulin"]
[Date "1983.??.??"]
[Round "?"]
[White "Govedarica, Radovan"]
[Black "Janosevic, Dragoljub"]
[Result "1-0"]
[WhiteElo "2430"]
[BlackElo "2355"]
[PlyCount "49"]
[EventDate "1983.??.??"]
[EventType "team"]
[EventRounds "9"]
[EventCountry "YUG"]
[SourceTitle "EXT 2009"]
[Source "ChessBase"]
[SourceDate "2008.11.26"]
[SourceVersion "1"]
[SourceVersionDate "2008.11.26"]
[SourceQuality "1"]

1. Nf3 Nf6 2. d4 g6 3. Bg5 Bg7 4. Nbd2 d5 5. e3 0-0 6. Bd3 c5 7. c3 Qb6 8. Qb3 Nc6 9. 0-0 Re8 10. Bxf6 exf6 11. Qxd5 cxd4 12. Nc4 Qc7 13. exd4 Rd8 14. Qb5 Bg4 15. Nfd2 Ne5 16. dxe5 Rxd3 17. Ne4 Bd7 18. Qc5 Rc8 19. Qxc7 Rxc7 20. Ne3 fxe5 21. Rfd1 Rxd1+ 22. Rxd1 Bc6 23. Rd8+ Bf8 24. Nd5 Bxd5 25. Nf6+ 1-0

[Event "YUG Team-ch35"]
[Site "Medulin"]
[Date "1983.??.??"]
[Round "?"]
[White "Janosevic, Dragoljub"]
[Black "Karaklajic, Nikola"]
[Result "1/2-1/2"]
[WhiteElo "2355"]
[BlackElo "2415"]
[PlyCount "105"]
[EventDate "1983.??.??"]
[EventType "team"]
[EventRounds "9"]
[EventCountry "YUG"]
[SourceTitle "EXT 2009"]
[Source "ChessBase"]
[SourceDate "2008.11.26"]
[SourceVersion "1"]
[SourceVersionDate "2008.11.26"]
[SourceQuality "1"]

1. e4 c6 2. d4 d5 3. exd5 cxd5 4. c4 Nf6 5. Nc3 e6 6. Nf3 Bb4 7. Bd3 dxc4 8. Bxc4 0-0 9. 0-0 b6 10. Qe2 Bb7 11. Rd1 Bxc3 12. bxc3 Qc7 13. Ne5 Nbd7 14. Nxd7 Qxd7 15. Ba6 Bxa6 16. Qxa6 Rfc8 17. Bd2 Qc6 18. a4 Qc4 19. Qxc4 Rxc4 20. a5 Rac8 21. axb6 axb6 22. Rab1 Nd5 23. Kf1 h6 24. Rb3 R8c6 25. Rdb1 g5 26. h3 Kg7 27. Ke2 Rxc3 28. Bxc3 Nxc3+ 29. Rxc3 Rxc3 30. Rxb6 Rc4 31. Rd6 Kf6 32. Rd7 h5 33. Ke3 Rc1 34. Ra7 Re1+ 35. Kf3 Kg6 36. Rb7 Rd1 37. Rd7 f5 38. Ke2 Rg1 39. Kf3 g4+ 40. hxg4 hxg4+ 41. Kg3 Kg5 42. Rg7+ Kf6 43. Rd7 Rd1 44. f3 Rd3 45. Kf4 gxf3 46. gxf3 Ra3 47. Kg3 Kg5 48. Rg7+ Kf6 49. Rd7 Kg5 50. Rg7+ Kf6 51. Rd7 Kg5 52. Rg7+ Kf6 53. Rd7 1/2-1/2

[Event "Biel-14 MTO op"]
[Site "Biel"]
[Date "1981.07.??"]
[Round "1"]
[White "Campora, Daniel Hugo"]
[Black "Janosevic, Dragoljub"]
[Result "1-0"]
[WhiteElo "2455"]
[BlackElo "2370"]
[PlyCount "93"]
[EventDate "1981.07.??"]
[EventType "swiss"]
[EventRounds "11"]
[EventCountry "SUI"]
[SourceTitle "EXT 1999"]
[Source "ChessBase"]
[SourceDate "1998.11.16"]
[SourceVersion "1"]
[SourceVersionDate "1998.11.16"]
[SourceQuality "1"]

1. e4 c5 2. Nf3 Nc6 3. d4 cxd4 4. Nxd4 Qc7 5. Nc3 e6 6. g3 a6 7. Bg2 Nf6 8. 0-0 Be7 9. Be3 d6 10. Nxc6 bxc6 11. Na4 Rb8 12. c4 c5 13. Qc2 Ng4 14. Bf4 Bf6 15. Rab1 Bd4 16. h3 Ne5 17. Rfd1 Nc6 18. a3 0-0 19. Nc3 Bd7 20. Nd5 exd5 21. cxd5 Nb4 22. axb4 Rxb4 23. Bd2 Rb7 24. Bc3 Bxc3 25. Qxc3 Rfb8 26. Ra1 Rb3 27. Qe1 R8b6 28. Rd2 Qb8 29. Kh2 f6 30. Ra2 Qe8 31. Qe2 Bc8 32. f4 Kf8 33. Ra5 R3b5 34. Ra3 Rb3 35. Ra2 R3b4 36. Qf2 Kg8 37. Re2 Bd7 38. Ra3 Bb5 39. Rd2 Bc4 40. Rc3 a5 41. Re3 Qb8 42. e5 fxe5 43. fxe5 dxe5 44. Qe1 Bb5 45. Rxe5 Bd7 46. Re7 Qd6 47. Rf2 1-0